[Event "32. Balaton Festival 2014 - MI"]
[Site "Balatonboglár"]
[Date "2014.06.14"]
[Round "1.1"]
[White "Tesik, Csaba"]
[Black "Szabo, Balazs"]
[Result "0-1"]
[WhiteElo "2336"]
[BlackElo "2349"]
[PlyCount "120"]
[EventDate "2014.06.14"]
[EventType "tourn"]
[EventRounds "9"]
[EventCountry "HUN"]
[EventCategory "1"]
[Source "lmi"]
[SourceDate "2014.06.14"]

1. e4 e6 2. d4 d5 3. Nc3 Nf6 4. exd5 exd5 5. Bd3 c5 6. dxc5 Bxc5 7. Nf3 O-O 8.
O-O Nc6 9. h3 h6 10. Na4 Bd6 11. Be3 Re8 12. c4 Bc7 13. Nc3 a6 14. Nxd5 Nxd5
15. cxd5 Ne7 16. Be4 Nf5 17. Bxf5 Bxf5 18. Qb3 Be4 19. Rfd1 Bxf3 20. gxf3 Qd6
21. Rac1 Qh2+ 22. Kf1 Bf4 23. Rc3 Rad8 24. Ke2 b5 25. Rdd3 Bg3 26. Kd1 Bxf2 27.
Bxf2 Qxf2 28. Rd2 Qf1+ 29. Kc2 Qxh3 30. Rcd3 Re1 31. Qb4 Rc8+ 32. Rc3 Qf5+ 33.
Kb3 Rc1 34. Rxc1 Rxc1 35. Qe4 Qxe4 36. fxe4 Kf8 37. d6 Ke8 38. d7+ Kd8 39. Rf2
Rc7 40. Rxf7 Rxd7 41. Rf8+ Ke7 42. Ra8 Rd6 43. e5 Rc6 44. Ra7+ Kf8 45. Rd7 h5
46. Rd1 g5 47. Rh1 h4 48. Rg1 h3 49. Rxg5 Rh6 50. Rg1 h2 51. Rh1 Rh4 52. Kc3
Ke7 53. Kd3 Ke6 54. Ke3 Kxe5 55. Kf3 Kd4 56. Rd1+ Kc4 57. Kg2 h1=Q+ 58. Rxh1
Rxh1 59. Kxh1 Kd3 60. Kg2 Kc2 0-1

[Event "32. Balaton Festival 2014 - MI"]
[Site "Balatonboglár"]
[Date "2014.06.14"]
[Round "1.2"]
[White "Horton, Jamie A"]
[Black "Habibi, Ali"]
[Result "0-1"]
[WhiteElo "2012"]
[BlackElo "2252"]
[PlyCount "194"]
[EventDate "2014.06.14"]
[EventType "tourn"]
[EventRounds "9"]
[EventCountry "HUN"]
[EventCategory "1"]
[Source "lmi"]
[SourceDate "2014.06.14"]

1. e4 c5 2. Nf3 g6 3. d4 Bg7 4. dxc5 Qa5+ 5. Bd2 Qxc5 6. Nc3 d6 7. Nd5 Bd7 8.
Bb4 Qc8 9. Bc3 Bxc3+ 10. Nxc3 Nf6 11. Be2 Nc6 12. O-O O-O 13. h3 h6 14. Re1 Kg7
15. Qd2 Be6 16. Bf1 Rd8 17. Nd5 Ng8 18. c4 Ne5 19. Qc3 f6 20. Nd4 Bf7 21. Rac1
e6 22. Ne3 g5 23. Kh1 Ne7 24. Red1 a6 25. b4 b6 26. Nb3 Qc6 27. f3 Rac8 28. Qa1
Qa4 29. b5 axb5 30. cxb5 Ra8 31. Rc7 Kf8 32. Rc2 d5 33. exd5 Nxd5 34. Nxd5 Rxd5
35. Rxd5 exd5 36. Qd1 Qf4 37. Qe1 Re8 38. Qf2 Nc4 39. Nd4 Qe3 40. Bxc4 Qxf2 41.
Rxf2 dxc4 42. Rc2 Rd8 43. Nc6 Rd1+ 44. Kh2 h5 45. a4 Ra1 46. a5 bxa5 47. b6 Rb1
48. Nxa5 Rxb6 49. Nxc4 Ra6 50. Ne3 Be6 51. Kg1 Kf7 52. Rd2 f5 53. Nd1 Ra1 54.
Kh2 Rc1 55. Nf2 Kf6 56. g3 Rc3 57. Kg2 Bc8 58. h4 g4 59. fxg4 Bb7+ 60. Kh2 hxg4
61. Nd3 Bf3 62. Nf4 Rc1 63. Ng2 Ke5 64. Ra2 Kd4 65. Rb2 Kc3 66. Ra2 Rb1 67. Rf2
Ra1 68. h5 Be4 69. Re2 Kd3 70. Rb2 Bf3 71. Rf2 Kc3 72. h6 Ra6 73. Kg1 Rxh6 74.
Nh4 Be4 75. Rf4 Rh5 76. Rf1 Kd4 77. Kf2 Rh6 78. Rd1+ Ke5 79. Ra1 Rb6 80. Ra5+
Kf6 81. Ra2 Kg5 82. Ng2 Rh6 83. Nh4 Rd6 84. Ng2 Rd3 85. Ne3 Rb3 86. Rd2 f4 87.
gxf4+ Kh4 88. Ng2+ Kh3 89. Ne1 g3+ 90. Kg1 Rb1 91. Re2 Bf5 92. Re7 Kg4 93. Re2
Kxf4 94. Kg2 Rb8 95. Rd2 Be4+ 96. Kg1 Rb1 97. Re2 Ra1 0-1

[Event "32. Balaton Festival 2014 - MI"]
[Site "Balatonboglár"]
[Date "2014.06.14"]
[Round "1.3"]
[White "Banas, Jan"]
[Black "Ianov, Viktor"]
[Result "1/2-1/2"]
[WhiteElo "2277"]
[BlackElo "2292"]
[PlyCount "60"]
[EventDate "2014.06.14"]
[EventType "tourn"]
[EventRounds "9"]
[EventCountry "HUN"]
[EventCategory "1"]
[Source "lmi"]
[SourceDate "2014.06.14"]

1. c4 Nf6 2. Nc3 g6 3. e4 d6 4. d4 Bg7 5. Be2 O-O 6. Nf3 c5 7. O-O Na6 8. Re1
Bg4 9. Be3 Nd7 10. Rc1 Nc7 11. d5 Rb8 12. a4 a6 13. Nd2 Bxe2 14. Qxe2 e6 15. b3
Re8 16. h3 exd5 17. Nxd5 Nxd5 18. exd5 Qa5 19. Qd3 Ne5 20. Qc2 f5 21. Bf4 Qc7
22. Re2 Qf7 23. Rce1 b5 24. axb5 axb5 25. Bxe5 dxe5 26. Nf3 e4 27. Ng5 Qe7 28.
Ne6 bxc4 29. Qxc4 Rb4 30. Qxc5 Rxb3 1/2-1/2

[Event "32. Balaton Festival 2014 - MI"]
[Site "Balatonboglár"]
[Date "2014.06.15"]
[Round "2.1"]
[White "Szabo, Balazs"]
[Black "Ianov, Viktor"]
[Result "1-0"]
[WhiteElo "2349"]
[BlackElo "2292"]
[PlyCount "53"]
[EventDate "2014.06.14"]
[EventType "tourn"]
[EventRounds "9"]
[EventCountry "HUN"]
[EventCategory "1"]
[Source "lmi"]
[SourceDate "2014.06.14"]

1. e4 d6 2. d4 Nf6 3. Nc3 e5 4. Nf3 Nbd7 5. Be2 Be7 6. g4 g6 7. g5 Nh5 8. h4 c6
9. Be3 Qc7 10. Qd2 b5 11. O-O-O Nb6 12. dxe5 dxe5 13. Nxe5 b4 14. Nxc6 bxc3 15.
Qxc3 O-O 16. Nxe7+ Qxe7 17. Bxh5 gxh5 18. Bc5 Qe8 19. Qf6 Nd7 20. Rxd7 Qxd7 21.
Bd4 Qxd4 22. Qxd4 Bg4 23. Qf6 Rab8 24. f3 Be6 25. Rd1 Rfc8 26. b3 a5 27. Rd4
1-0

[Event "32. Balaton Festival 2014 - MI"]
[Site "Balatonboglár"]
[Date "2014.06.15"]
[Round "2.2"]
[White "Habibi, Ali"]
[Black "Banas, Jan"]
[Result "1/2-1/2"]
[WhiteElo "2252"]
[BlackElo "2277"]
[PlyCount "121"]
[EventDate "2014.06.14"]
[EventType "tourn"]
[EventRounds "9"]
[EventCountry "HUN"]
[EventCategory "1"]
[Source "lmi"]
[SourceDate "2014.06.14"]

1. g3 d5 2. Bg2 Nf6 3. d3 g6 4. Nf3 Bg7 5. O-O O-O 6. Nbd2 c5 7. c4 Nc6 8. a3
a5 9. Rb1 b6 10. b3 Bb7 11. Bb2 d4 12. b4 axb4 13. axb4 Nxb4 14. Bxd4 Nd7 15.
Bxg7 Kxg7 16. Qb3 Qc7 17. Ra1 e5 18. Rfb1 f6 19. Qb2 Rfe8 20. Rxa8 Rxa8 21. Ra1
Rxa1+ 22. Qxa1 Nf8 23. Bh3 Bc6 24. Ne1 Qb7 25. Nb1 Qa6 26. Qxa6 Nxa6 27. Nc3
Kf7 28. Nc2 Nc7 29. Na3 Ke7 30. e3 Nfe6 31. Bg2 Bxg2 32. Kxg2 Kd7 33. Kf1 f5
34. f4 exf4 35. gxf4 Kc6 36. Kf2 Na6 37. Ke2 Nb4 38. Nab1 Kd6 39. Nd2 g5 40.
Nb5+ Kd7 41. fxg5 Nxg5 42. h4 Nf7 43. Nf3 Ke6 44. d4 h6 45. Ne1 Nd6 46. Nxd6
Kxd6 47. Ng2 Nc6 48. Kd3 Nb4+ 49. Kc3 Na2+ 50. Kb2 Nb4 51. Nf4 Nc6 52. Kc3 Ne7
53. h5 Ng8 54. Kb3 Nf6 55. Ka4 Kc6 56. d5+ Kd6 57. Kb5 Ng4 58. Ng2 Kc7 59. Ka6
Ne5 60. Kb5 Nf7 61. Ka4 1/2-1/2

[Event "32. Balaton Festival 2014 - MI"]
[Site "Balatonboglár"]
[Date "2014.06.15"]
[Round "2.3"]
[White "Tesik, Csaba"]
[Black "Horton, Jamie A"]
[Result "1-0"]
[WhiteElo "2336"]
[BlackElo "2012"]
[PlyCount "51"]
[EventDate "2014.06.14"]
[EventType "tourn"]
[EventRounds "9"]
[EventCountry "HUN"]
[EventCategory "1"]
[Source "lmi"]
[SourceDate "2014.06.14"]

1. e4 c5 2. Nf3 e6 3. d4 cxd4 4. Nxd4 a6 5. Nc3 Qc7 6. Bd3 Nf6 7. O-O d6 8. Kh1
Nbd7 9. f4 b5 10. Qe2 Bb7 11. Bd2 Be7 12. Rae1 Nc5 13. e5 Nfd7 14. Qh5 g6 15.
Qh3 Nxd3 16. cxd3 d5 17. Rc1 Qd8 18. f5 exf5 19. Nxf5 gxf5 20. Qxf5 Qb6 21.
Qxf7+ Kd8 22. Nxd5 Bxd5 23. Qxd5 Ra7 24. e6 Qb7 25. Ba5+ Ke8 26. Qh5# 1-0

[Event "32. Balaton Festival 2014 - MI"]
[Site "Balatonboglár"]
[Date "2014.06.16"]
[Round "3.1"]
[White "Horton, Jamie A"]
[Black "Szabo, Balazs"]
[Result "1/2-1/2"]
[WhiteElo "2012"]
[BlackElo "2349"]
[PlyCount "99"]
[EventDate "2014.06.14"]
[EventType "tourn"]
[EventRounds "9"]
[EventCountry "HUN"]
[EventCategory "1"]
[Source "lmi"]
[SourceDate "2014.06.14"]

1. e4 d6 2. d4 g6 3. Nc3 a6 4. a4 Bg7 5. h3 Nd7 6. Nf3 b6 7. Be2 Bb7 8. O-O e6
9. Re1 Ne7 10. Bf4 h6 11. Qd2 g5 12. Bh2 Ng6 13. Rad1 O-O 14. Bc4 Qb8 15. Kh1
Qa7 16. Ng1 Rae8 17. Nge2 Qa8 18. Ng3 Nf4 19. Nge2 Nxe2 20. Rxe2 f5 21. f3 d5
22. exd5 exd5 23. Bb3 f4 24. Rde1 Nf6 25. Nd1 Rxe2 26. Rxe2 Re8 27. c3 Rxe2 28.
Qxe2 Qe8 29. Qxe8+ Nxe8 30. g3 fxg3 31. Bxg3 Kf7 32. Kg1 c5 33. dxc5 bxc5 34.
f4 Ke6 35. fxg5 hxg5 36. Bf2 Kd6 37. Ne3 Bf8 38. Ng4 Be7 39. Ne3 Ng7 40. Bg3+
Ke6 41. Bd1 Bd6 42. Bg4+ Ke7 43. Bf2 Be5 44. Bf3 Kd6 45. Nc4+ dxc4 46. Bxb7 a5
47. Ba6 Kd5 48. Bb7+ Kd6 49. Ba6 Kd5 50. Bb7+ 1/2-1/2

[Event "32. Balaton Festival 2014 - MI"]
[Site "Balatonboglár"]
[Date "2014.06.16"]
[Round "3.2"]
[White "Banas, Jan"]
[Black "Tesik, Csaba"]
[Result "1/2-1/2"]
[WhiteElo "2277"]
[BlackElo "2336"]
[PlyCount "70"]
[EventDate "2014.06.14"]
[EventType "tourn"]
[EventRounds "9"]
[EventCountry "HUN"]
[EventCategory "1"]
[Source "lmi"]
[SourceDate "2014.06.14"]

1. e4 e5 2. Nf3 Nc6 3. Bb5 a6 4. Ba4 Nf6 5. O-O Be7 6. d3 b5 7. Bb3 d6 8. c3
O-O 9. a4 Bd7 10. Nbd2 Na5 11. Bc2 c5 12. Re1 Re8 13. Nf1 h6 14. Ng3 Bf8 15.
axb5 axb5 16. h3 Qc7 17. Nh2 Nc6 18. Rxa8 Rxa8 19. Qf3 Qd8 20. Nf5 Be6 21. g4
Nh7 22. Qg3 Ra1 23. Nf3 d5 24. Nxe5 Nxe5 25. Qxe5 dxe4 26. dxe4 Ng5 27. Kg2
Rxc1 28. Rxc1 Qd2 29. Rd1 Qxc2 30. Rd8 Bxf5 31. exf5 b4 32. Qxc5 Qe4+ 33. Kf1
Qb1+ 34. Kg2 Qe4+ 35. Kf1 Qb1+ 1/2-1/2

[Event "32. Balaton Festival 2014 - MI"]
[Site "Balatonboglár"]
[Date "2014.06.16"]
[Round "3.3"]
[White "Ianov, Viktor"]
[Black "Habibi, Ali"]
[Result "1-0"]
[WhiteElo "2292"]
[BlackElo "2252"]
[PlyCount "119"]
[EventDate "2014.06.14"]
[EventType "tourn"]
[EventRounds "9"]
[EventCountry "HUN"]
[EventCategory "1"]
[Source "lmi"]
[SourceDate "2014.06.14"]

1. d4 c5 2. d5 Nf6 3. c4 b5 4. cxb5 a6 5. e3 g6 6. Nc3 Bg7 7. e4 d6 8. a4 O-O
9. Nf3 axb5 10. Bxb5 Na6 11. O-O Nb4 12. Bf4 Ba6 13. Qe2 Qb6 14. Rfd1 Rfd8 15.
h3 h6 16. Ra3 Kh7 17. g4 Ra7 18. Kg2 Bb7 19. Nd2 Raa8 20. Nc4 Qc7 21. f3 Kg8
22. a5 Rdb8 23. Nb6 Rxa5 24. Rxa5 Qxb6 25. Ra4 h5 26. Be3 Qd8 27. g5 Nh7 28.
Kh2 Qc8 29. Ra7 Kh8 30. Bf4 Qc7 31. Rda1 Qb6 32. h4 f6 33. Be3 fxg5 34. hxg5
Bd4 35. Bc1 Rf8 36. Bd7 c4 37. Nb5 Be5+ 38. Kh1 Nxd5 39. Rxb7 Qxb7 40. Ra7 Qxa7
41. Nxa7 Nf4 42. Bxf4 Rxf4 43. Nc6 Nxg5 44. Nxe5 dxe5 45. Kg2 Kg7 46. Bb5 Ne6
47. Bxc4 Nd4 48. Qe3 g5 49. Be2 Kg6 50. Bd1 Rf6 51. b4 Ra6 52. Bb3 Rc6 53. b5
Rc5 54. Ba4 Rc7 55. Qa3 Ne6 56. b6 Rb7 57. Be8+ Kf6 58. Qa5 Rb8 59. Qb5 Rb7 60.
Bd7 1-0

[Event "32. Balaton Festival 2014 - MI"]
[Site "Balatonboglár"]
[Date "2014.06.17"]
[Round "4.1"]
[White "Szabo, Balazs"]
[Black "Habibi, Ali"]
[Result "0-1"]
[WhiteElo "2349"]
[BlackElo "2252"]
[PlyCount "90"]
[EventDate "2014.06.14"]
[EventType "tourn"]
[EventRounds "9"]
[EventCountry "HUN"]
[EventCategory "1"]
[Source "lmi"]
[SourceDate "2014.06.14"]

1. d4 c5 2. d5 Nf6 3. Nc3 d6 4. e4 g6 5. Bb5+ Bd7 6. a4 Bg7 7. h3 O-O 8. Nf3
Na6 9. O-O Nc7 10. Be2 a6 11. Bg5 h6 12. Bh4 Be8 13. Nd2 b5 14. f4 Rb8 15. Bf3
bxa4 16. Nxa4 Rb4 17. c4 Nh7 18. e5 g5 19. fxg5 hxg5 20. Bg3 Bxa4 21. Rxa4 dxe5
22. Rxb4 cxb4 23. Be4 e6 24. Qh5 f5 25. Bc2 e4 26. d6 Ne8 27. c5 Bd4+ 28. Kh2
Ng7 29. Qe2 Bxc5 30. Nc4 Nf6 31. Rd1 Nd5 32. Be5 Qd7 33. Bb3 Nf4 34. Bxf4 gxf4
35. Ne5 Qd8 36. Qxa6 Qg5 37. d7 Qg3+ 38. Kh1 f3 39. Qf1 Bb6 40. Nc6 Bc7 41. Kg1
Qh2+ 42. Kf2 Bb6+ 43. Nd4 Rd8 44. Qb5 Bxd4+ 45. Rxd4 fxg2 0-1

[Event "32. Balaton Festival 2014 - MI"]
[Site "Balatonboglár"]
[Date "2014.06.17"]
[Round "4.2"]
[White "Tesik, Csaba"]
[Black "Ianov, Viktor"]
[Result "0-1"]
[WhiteElo "2336"]
[BlackElo "2292"]
[PlyCount "92"]
[EventDate "2014.06.14"]
[EventType "tourn"]
[EventRounds "9"]
[EventCountry "HUN"]
[EventCategory "1"]
[Source "lmi"]
[SourceDate "2014.06.14"]

1. e4 d6 2. d4 Nf6 3. Nc3 e5 4. Nge2 Be7 5. f3 c6 6. Be3 b5 7. Qd2 Qc7 8. g4 a6
9. Ng3 g6 10. a3 Bb7 11. g5 Nfd7 12. h4 Nb6 13. Qf2 N8d7 14. f4 exf4 15. Bxf4
c5 16. Bg2 cxd4 17. Qxd4 Ne5 18. O-O Rc8 19. Nd5 Bxd5 20. exd5 Qc5 21. Qxc5
Rxc5 22. Be3 Nbd7 23. Bxc5 Nxc5 24. Ne2 h6 25. gxh6 Rxh6 26. Nd4 Bxh4 27. Nc6
f5 28. Nxe5 dxe5 29. c4 bxc4 30. Rfd1 Bg5 31. Re1 Nd3 32. Re2 Kd7 33. Rc2 Rh4
34. Re2 Kd6 35. Rb1 Bd8 36. Rd2 e4 37. Rc2 Bb6+ 38. Kf1 Kxd5 39. b3 c3 40. b4
Kc4 41. Ke2 Rh2 42. Kf1 g5 43. Re2 Nf4 44. Rc2 Rxg2 45. Rxg2 Nxg2 46. Kxg2 c2
0-1

[Event "32. Balaton Festival 2014 - MI"]
[Site "Balatonboglár"]
[Date "2014.06.17"]
[Round "4.3"]
[White "Horton, Jamie A"]
[Black "Banas, Jan"]
[Result "1/2-1/2"]
[WhiteElo "2012"]
[BlackElo "2277"]
[PlyCount "87"]
[EventDate "2014.06.14"]
[EventType "tourn"]
[EventRounds "9"]
[EventCountry "HUN"]
[EventCategory "1"]
[Source "lmi"]
[SourceDate "2014.06.14"]

1. e4 c5 2. Nf3 e6 3. g3 d6 4. Bg2 Nf6 5. Qe2 Nc6 6. O-O Be7 7. c3 O-O 8. d4 d5
9. e5 Nd7 10. h4 a5 11. Bg5 h6 12. Bf4 Re8 13. Bh3 b6 14. Rd1 Bf8 15. Nbd2 Ba6
16. Qe3 Rc8 17. Rac1 cxd4 18. Nxd4 Nc5 19. Bf1 Bxf1 20. Rxf1 Qd7 21. N2f3 Nxd4
22. cxd4 Na6 23. Qe2 b5 24. Bd2 a4 25. Rfd1 Qb7 26. Ne1 Rc4 27. Be3 Rec8 28. b3
Rxc1 29. Rxc1 Rxc1 30. Bxc1 Nb4 31. Be3 axb3 32. axb3 Qc6 33. Qd2 Be7 34. Kg2
Qa6 35. Nd3 Nc6 36. Qc2 Qb6 37. Kg1 Bf8 38. Kg2 Na5 39. Qc3 Nc6 40. Qc2 Be7 41.
Qa2 Qb7 42. Kf1 Nb4 43. Nxb4 Bxb4 44. Qc2 1/2-1/2

[Event "32. Balaton Festival 2014 - MI"]
[Site "Balatonboglár"]
[Date "2014.06.17"]
[Round "5.1"]
[White "Banas, Jan"]
[Black "Szabo, Balazs"]
[Result "1-0"]
[WhiteElo "2277"]
[BlackElo "2349"]
[PlyCount "79"]
[EventDate "2014.06.14"]
[EventType "tourn"]
[EventRounds "9"]
[EventCountry "HUN"]
[EventCategory "1"]
[Source "lmi"]
[SourceDate "2014.06.14"]

1. Nf3 Nf6 2. c4 g6 3. Nc3 Bg7 4. e4 d6 5. d4 O-O 6. Be2 e5 7. d5 a5 8. Bg5 h6
9. Bh4 Na6 10. Nd2 Qe8 11. O-O Bd7 12. b3 Nh7 13. a3 f5 14. f3 f4 15. Rb1 g5
16. Bf2 h5 17. b4 axb4 18. axb4 Rf6 19. c5 Rg6 20. c6 bxc6 21. dxc6 Be6 22. Nd5
Qd8 23. Ra1 g4 24. fxg4 hxg4 25. Rxa6 Rxa6 26. Bxa6 g3 27. hxg3 fxg3 28. Be3
Bxd5 29. exd5 Qh4 30. Nf3 Qh5 31. Bc8 e4 32. Bh3 exf3 33. Qxf3 Qxf3 34. Rxf3
Ng5 35. Rf5 Bh6 36. Bd4 Bg7 37. Bxg7 Rxg7 38. b5 Ne4 39. Rf3 Rg5 40. b6 1-0

[Event "32. Balaton Festival 2014 - MI"]
[Site "Balatonboglár"]
[Date "2014.06.17"]
[Round "5.2"]
[White "Ianov, Viktor"]
[Black "Horton, Jamie A"]
[Result "1/2-1/2"]
[WhiteElo "2292"]
[BlackElo "2012"]
[PlyCount "132"]
[EventDate "2014.06.14"]
[EventType "tourn"]
[EventRounds "9"]
[EventCountry "HUN"]
[EventCategory "1"]
[Source "lmi"]
[SourceDate "2014.06.14"]

1. Nf3 c5 2. g3 g6 3. Bg2 Bg7 4. c4 Nc6 5. Nc3 d6 6. O-O Bf5 7. d3 Qd7 8. Re1
Bh3 9. Bh1 h6 10. Bd2 e6 11. a3 Nge7 12. Rb1 Rc8 13. b4 b6 14. Qa4 O-O 15. Rec1
Rfd8 16. Bg2 Bxg2 17. Kxg2 Qb7 18. bxc5 dxc5 19. Kg1 Nf5 20. Nb5 g5 21. Qd1 Qa8
22. a4 a5 23. Qf1 Nb4 24. Ne1 Nd6 25. Nxd6 Rxd6 26. Qg2 Qa7 27. Nc2 Qd7 28. Na3
Nxd3 29. exd3 Rxd3 30. Be3 Rxa3 31. Rxb6 Bd4 32. Bxd4 Qxd4 33. Rb7 Rd8 34. Qc6
Ra2 35. Rf1 Qxc4 36. Qf3 Rf8 37. Qf6 Qd4 38. Qxh6 Qg7 39. Qh5 Rxa4 40. Rc7 Rc4
41. Re1 Qf6 42. Qe2 Rc3 43. Ra7 Rf3 44. Rxa5 Rf5 45. Rc1 Rc8 46. Ra4 Rd8 47. h4
Rd4 48. Ra8+ Rd8 49. Ra4 Rd4 50. hxg5 Rxg5 51. Ra8+ Rd8 52. Ra4 Kg7 53. Rac4
Rdd5 54. Rh4 Rg6 55. Re4 Rgg5 56. Kg2 Rde5 57. Rcc4 Rxe4 58. Rxe4 Rd5 59. Qe3
Rg5 60. Qe2 Rd5 61. Rf4 Rf5 62. Rh4 Rg5 63. Qa6 Qe5 64. Qc8 Qd5+ 65. f3 Rh5 66.
Rg4+ Rg5 1/2-1/2

[Event "32. Balaton Festival 2014 - MI"]
[Site "Balatonboglár"]
[Date "2014.06.17"]
[Round "5.3"]
[White "Habibi, Ali"]
[Black "Tesik, Csaba"]
[Result "1-0"]
[WhiteElo "2252"]
[BlackElo "2336"]
[PlyCount "131"]
[EventDate "2014.06.14"]
[EventType "tourn"]
[EventRounds "9"]
[EventCountry "HUN"]
[EventCategory "1"]
[Source "lmi"]
[SourceDate "2014.06.14"]

1. g3 Nf6 2. Bg2 d5 3. d3 c6 4. Nf3 Bg4 5. Nbd2 Nbd7 6. O-O e6 7. Qe1 Be7 8. e4
O-O 9. h3 Bh5 10. Nh2 dxe4 11. dxe4 e5 12. Kh1 Ne8 13. Nc4 Nd6 14. Ne3 Bg6 15.
f3 Nc5 16. Nhg4 f6 17. Qe2 b5 18. Rd1 Qc7 19. b3 Ne6 20. Bb2 Qb6 21. c3 h5 22.
Nf2 h4 23. g4 Nf4 24. Qe1 Rad8 25. Bf1 Nf7 26. b4 Ng5 27. Bg2 c5 28. a3 a5 29.
bxa5 Qxa5 30. Nd5 Nxd5 31. exd5 Qa4 32. Ne4 Qb3 33. Qd2 Bxe4 34. fxe4 Ne6 35.
Qf2 Nf4 36. Rd2 g5 37. Rad1 Bd6 38. Rc1 Rf7 39. c4 Nd3 40. Rxd3 Qxd3 41. cxb5
Qxb5 42. Bf1 Qd7 43. Qc2 Ra8 44. Bc4 Kg7 45. Rf1 Qe8 46. Bc1 Qa4 47. Bb3 Qd4
48. Rd1 Qa1 49. Bb2 Qxd1+ 50. Qxd1 Rb7 51. Bc1 Rab8 52. Bc2 c4 53. Qf3 Bc5 54.
Kg2 Bd4 55. d6 Rd7 56. Qf1 c3 57. Qa6 Rb6 58. Qc4 Rdxd6 59. Bb3 Rd7 60. Qg8+
Kh6 61. Bf7 Rxf7 62. Qxf7 Rc6 63. a4 c2 64. Ba3 Bc5 65. Bxc5 Rxc5 66. Qf8+ 1-0

[Event "32. Balaton Festival 2014 - MI"]
[Site "Balatonboglár"]
[Date "2014.06.18"]
[Round "6.1"]
[White "Szabo, Balazs"]
[Black "Tesik, Csaba"]
[Result "0-1"]
[WhiteElo "2349"]
[BlackElo "2336"]
[PlyCount "120"]
[EventDate "2014.06.14"]
[EventType "tourn"]
[EventRounds "9"]
[EventCountry "HUN"]
[EventCategory "1"]
[Source "lmi"]
[SourceDate "2014.06.14"]

1. d4 Nf6 2. c4 g6 3. Nf3 Bg7 4. e3 d6 5. Be2 O-O 6. O-O c5 7. d5 e6 8. Nc3
exd5 9. cxd5 Re8 10. Nd2 Na6 11. e4 Nc7 12. a4 b6 13. Re1 Rb8 14. Bf1 Ng4 15.
Nf3 a6 16. Bg5 Qd7 17. Rc1 b5 18. axb5 axb5 19. b4 c4 20. h3 Ne5 21. Nxe5 Bxe5
22. Qd2 Bb7 23. g3 f5 24. Bg2 fxe4 25. Rxe4 Qf7 26. Rxe5 Rxe5 27. Bf4 Rxd5 28.
Nxd5 Bxd5 29. Bxd6 Bxg2 30. Bxc7 Qxc7 31. Kxg2 Rd8 32. Qg5 Qc6+ 33. Kg1 Qd5 34.
Qf6 Rf8 35. Qb6 Re8 36. h4 Qd2 37. Ra1 Re1+ 38. Rxe1 Qxe1+ 39. Kh2 Qxb4 40.
Qe6+ Kg7 41. Qd7+ Kf6 42. Qd4+ Ke6 43. Qe4+ Kd6 44. Qd4+ Kc6 45. Qe4+ Kb6 46.
Qd4+ Qc5 47. Qf6+ Qc6 48. Qd4+ Kb7 49. Qg7+ Qc7 50. Qc3 Qd6 51. Kg1 Kb6 52. g4
Qd1+ 53. Kh2 Qxg4 54. Qf6+ Kc5 55. Qe5+ Kc6 56. Qf6+ Kd5 57. f3 Qd7 58. Kg2 b4
59. Qb2 Kc5 60. Qe5+ Qd5 0-1

[Event "32. Balaton Festival 2014 - MI"]
[Site "Balatonboglár"]
[Date "2014.06.18"]
[Round "6.2"]
[White "Habibi, Ali"]
[Black "Horton, Jamie A"]
[Result "1-0"]
[WhiteElo "2252"]
[BlackElo "2012"]
[PlyCount "99"]
[EventDate "2014.06.14"]
[EventType "tourn"]
[EventRounds "9"]
[EventCountry "HUN"]
[EventCategory "1"]
[Source "lmi"]
[SourceDate "2014.06.14"]

1. g3 d5 2. Bg2 Nf6 3. d3 c6 4. Nf3 Bg4 5. Nbd2 Nbd7 6. O-O e6 7. Qe1 Be7 8. e4
O-O 9. h3 Bh5 10. e5 Ne8 11. Nh2 Qb6 12. Kh1 Nc7 13. f4 f6 14. g4 Bf7 15. Nhf3
fxe5 16. fxe5 Nb5 17. a4 Nd4 18. Nxd4 Qxd4 19. Nf3 Qb6 20. a5 Qc7 21. Bf4 c5
22. Bh2 b5 23. axb6 axb6 24. Qe2 b5 25. c4 bxc4 26. dxc4 Nb6 27. b3 Rxa1 28.
Rxa1 Be8 29. cxd5 Nxd5 30. Ra8 Bc6 31. Rxf8+ Kxf8 32. Nd2 Qb7 33. Bg3 Kg8 34.
Kh2 h6 35. h4 Qa8 36. Nc4 Qb8 37. Qc2 Nb4 38. Qg6 Qc8 39. Nb6 Qe8 40. Qxe6+ Kf8
41. Bxc6 Qxc6 42. Qf5+ Ke8 43. e6 Bd6 44. Qf7+ Kd8 45. e7+ Bxe7 46. Qg8+ Qe8
47. Bc7+ Kxc7 48. Qxe8 Bd6+ 49. Kg2 Kxb6 50. Qg6 1-0

[Event "32. Balaton Festival 2014 - MI"]
[Site "Balatonboglár"]
[Date "2014.06.19"]
[Round "7.1"]
[White "Ianov, Viktor"]
[Black "Szabo, Balazs"]
[Result "1/2-1/2"]
[WhiteElo "2292"]
[BlackElo "2349"]
[PlyCount "67"]
[EventDate "2014.06.14"]
[EventType "tourn"]
[EventRounds "9"]
[EventCountry "HUN"]
[EventCategory "1"]
[Source "lmi"]
[SourceDate "2014.06.14"]

1. Nf3 d5 2. g3 Nf6 3. Bg2 e6 4. O-O c5 5. d3 Be7 6. Nbd2 O-O 7. e4 Nc6 8. Re1
b5 9. a4 b4 10. b3 Bb7 11. Bb2 Nd7 12. Qe2 Bf6 13. Bxf6 Qxf6 14. e5 Qd8 15. h4
a5 16. Nf1 Rc8 17. Rad1 Ba6 18. h5 h6 19. N1h2 Qb6 20. Ng4 Ne7 21. Nh4 Kh7 22.
Rd2 Nb8 23. Kh2 Nbc6 24. f4 Nd4 25. Qf2 Rce8 26. Ne3 Bc8 27. Nf3 Bd7 28. Bh3
Rd8 29. Ng2 Nec6 30. Nfh4 Ne7 31. Ne3 Bc8 32. Rf1 Qc7 33. Kg1 Nef5 34. Neg2
1/2-1/2

[Event "32. Balaton Festival 2014 - MI"]
[Site "Balatonboglár"]
[Date "2014.06.19"]
[Round "7.2"]
[White "Banas, Jan"]
[Black "Habibi, Ali"]
[Result "1-0"]
[WhiteElo "2277"]
[BlackElo "2252"]
[PlyCount "151"]
[EventDate "2014.06.14"]
[EventType "tourn"]
[EventRounds "9"]
[EventCountry "HUN"]
[EventCategory "1"]
[Source "lmi"]
[SourceDate "2014.06.14"]

1. e4 c5 2. Nf3 g6 3. c4 Bg7 4. d4 cxd4 5. Nxd4 Nf6 6. Nc3 Nc6 7. Be3 Ng4 8.
Qxg4 Nxd4 9. Qd1 Nc6 10. Qd2 Qa5 11. Rc1 d6 12. Be2 Be6 13. b3 a6 14. O-O O-O
15. Rfd1 Rac8 16. f3 Rfe8 17. Bf1 h5 18. h3 Kh7 19. f4 f5 20. exf5 Bxf5 21. Nd5
Qxd2 22. Rxd2 e5 23. Rcd1 Nd4 24. fxe5 dxe5 25. Bg5 Rc6 26. b4 Be6 27. b5 Rc5
28. bxa6 bxa6 29. Nf6+ Bxf6 30. Bxf6 Bxc4 31. Rc1 Re6 32. Bh4 Rec6 33. Be7 Bxf1
34. Rxc5 Rxc5 35. Bxc5 Bc4 36. Bxd4 exd4 37. a3 d3 38. h4 g5 39. g3 Kg6 40. Kf2
gxh4 41. gxh4 Kf5 42. Ke3 Kg4 43. Rb2 a5 44. Rf2 Bb3 45. Rf4+ Kg3 46. Rf5 Kxh4
47. Rxa5 Bc2 48. a4 Kg4 49. Ra7 h4 50. Rg7+ Kh5 51. a5 h3 52. Kd2 Kh4 53. a6
Bb3 54. Rd7 h2 55. a7 Bd5 56. Rxd5 h1=Q 57. a8=Q Qg2+ 58. Kxd3 Qf1+ 59. Kd4
Qf2+ 60. Ke5 Qg3+ 61. Ke6 Qg6+ 62. Kd7 Qf7+ 63. Kc6 Qe6+ 64. Kc5 Qe7+ 65. Rd6
Qc7+ 66. Qc6 Qa5+ 67. Qb5 Qc7+ 68. Rc6 Qe7+ 69. Kb6 Qd8+ 70. Ka7 Qe7+ 71. Qb7
Qa3+ 72. Kb8 Qf8+ 73. Qc8 Qb4+ 74. Ka7 Qa3+ 75. Ra6 Qe7+ 76. Ka8 1-0

[Event "32. Balaton Festival 2014 - MI"]
[Site "Balatonboglár"]
[Date "2014.06.19"]
[Round "7.3"]
[White "Horton, Jamie A"]
[Black "Tesik, Csaba"]
[Result "1/2-1/2"]
[WhiteElo "2012"]
[BlackElo "2336"]
[PlyCount "59"]
[EventDate "2014.06.14"]
[EventType "tourn"]
[EventRounds "9"]
[EventCountry "HUN"]
[EventCategory "1"]
[Source "lmi"]
[SourceDate "2014.06.14"]

1. e4 c5 2. Nf3 e6 3. g3 d5 4. exd5 exd5 5. d4 Nc6 6. Bg2 Nf6 7. O-O Be7 8. Nc3
O-O 9. dxc5 d4 10. Ne2 Bxc5 11. Nf4 Bf5 12. a3 a5 13. Nd3 Bb6 14. Re1 Rc8 15.
Bg5 h6 16. Bxf6 Qxf6 17. Qd2 a4 18. Qd1 Rfe8 19. Rxe8+ Rxe8 20. Nfe1 Ba5 21.
Qf3 Qe6 22. Qd1 Qd6 23. Nf3 g5 24. h4 f6 25. hxg5 hxg5 26. Nd2 Qe6 27. Nf3 Bg4
28. Qf1 Qf5 29. Nde1 b5 30. Qd3 1/2-1/2